平成の大合併より後の市町村廃置分合 - Statistics

General Stats
  • This quiz has been taken 632 times
  • The average score is 11 of 25
Answer Stats
都道府県 市町村 % Correct
岩手県 滝沢たきざわむら
68%
兵庫県 丹波篠山たんばささやま
66%
福岡県 那珂川なかがわまち
66%
石川県 野々市ののいちまち
66%
兵庫県 篠山ささやま
65%
宮城県 富谷とみやまち
63%
栃木県 栃木とちぎ
55%
埼玉県 川口かわぐち
54%
愛知県 長久手ながくてまち
53%
埼玉県 鳩ケ谷はとがや
52%
千葉県 大網白里おおあみしらさとまち
49%
埼玉県 白岡しらおかまち
49%
島根県 出雲いずも
48%
島根県 松江まつえ
45%
岩手県 一関いちのせき
37%
栃木県 岩舟いわふねまち
34%
愛知県 西尾にしお
33%
埼玉県 蓮󠄀田はすだ
31%
愛知県 幡豆はずちょう
22%
愛知県 吉良きらちょう
21%
愛知県 一色いっしきちょう
20%
島根県 斐川ひかわちょう
16%
島根県 東出雲ひがしいずもちょう
15%
栃木県 西方にしかたまち
14%
岩手県 藤沢ふじさわちょう
11%
No matching quizzes found
Score Distribution
Percent of People with Each Score
Percentile by Number Answered
Your Score History
You have not taken this quiz